[Event "Championnat de France Poussines"]
[Site "CALVI"]
[Date "????.??.??"]
[Round "4.5"]
[White "Griggio, Julie"]
[Black "Massard, Aurelie"]
[Result "1-0"]
[WhiteElo "1460"]
[BlackElo "1030"]
[PlyCount "131"]
[EventDate "2005.??.??"]
[SourceDate "2005.04.17"]

1. e4 e5 2. Nf3 Nc6 3. d4 d5 4. Nc3 Bg4 5. Nxd5 Nf6 6. Nxf6+ Qxf6 7. Be2 exd4
8. h3 Bxf3 9. Bxf3 Bc5 10. Bd2 O-O 11. O-O Rad8 12. Qe2 Bb4 13. Bxb4 Nxb4 14.
Rfd1 c5 15. a3 Nc6 16. Rab1 Ne5 17. b3 a6 18. a4 Rd6 19. Bg4 Rfd8 20. Rd2 Qe7
21. Rbd1 Qc7 22. f4 Nd7 23. e5 Rc6 24. Bf3 Re6 25. Be4 Nb6 26. c4 Nc8 27. Qd3
g6 28. Bd5 Ree8 29. Qf3 b6 30. Ra2 Ne7 31. Be4 Rc8 32. Bb7 Rb8 33. Bxa6 Nc6 34.
Bb5 Nb4 35. Re2 Red8 36. f5 gxf5 37. Qxf5 d3 38. Re3 d2 39. Qg5+ Kf8 40. Qh6+
Ke7 41. Qh4+ Kf8 42. Qh6+ Ke7 43. Qf6+ Kf8 44. e6 Nc2 45. e7+ Kg8 46. Qg5+ Kh8
47. Rg3 Qxg3 48. Qxg3 Rg8 49. Qc3+ f6 50. Qxc2 Rb7 51. e8=Q Rxe8 52. Bxe8 Re7
53. Bb5 Re1+ 54. Kh2 Rxd1 55. Qxd1 Kg7 56. Qxd2 f5 57. Qd6 f4 58. Qxf4 Kg6 59.
Be8+ Kg7 60. Qf7+ Kh6 61. Qf4+ Kg7 62. Bd7 h6 63. Be6 b5 64. Qf7+ Kh8 65. Qg6
bxc4 66. Qg8# 1-0

[Event "Championnat de France Open B"]
[Site "CALVI"]
[Date "????.??.??"]
[Round "3.1"]
[White "Muller, Arnaud"]
[Black "Bole, Felix"]
[Result "0-1"]
[WhiteElo "1270"]
[BlackElo "1400"]
[PlyCount "80"]
[EventDate "2005.??.??"]
[SourceDate "2005.04.17"]

1. d4 d5 2. Nf3 Nc6 3. Bf4 Bf5 4. e3 Nf6 5. c3 e6 6. Nbd2 Bd6 7. Nb3 O-O 8. Bd3
Re8 9. O-O Bxf4 10. exf4 Qd6 11. Qd2 Bxd3 12. Qxd3 Qxf4 13. Nc5 b6 14. Na6 Ng4
15. h3 Nf6 16. Qe3 Qd6 17. Qg5 h6 18. Qh4 e5 19. Nd2 e4 20. Rfe1 Re7 21. a3
Rae8 22. Re3 Re6 23. Rae1 Kh7 24. Nb4 Nxb4 25. axb4 g6 26. Nf1 g5 27. Qg3 Qxg3
28. Nxg3 g4 29. f3 h5 30. h4 a5 31. bxa5 bxa5 32. Nf5 gxf3 33. gxf3 Rg8+ 34.
Kf2 exf3 35. Kxf3 Rb6 36. R1e2 Ng4 37. Re7 Nf6 38. Kf4 Kh8 39. R2e5 Rg4+ 40.
Ke3 Rxh4 {gain noirs au 58eme} 0-1

[Event "Championnat de France Open B"]
[Site "CALVI"]
[Date "????.??.??"]
[Round "3.3"]
[White "Rouffignac, Tanguy"]
[Black "Cornaton, Maxence"]
[Result "1-0"]
[WhiteElo "1260"]
[BlackElo "1380"]
[PlyCount "79"]
[EventDate "2005.??.??"]
[SourceDate "2005.04.17"]

1. e4 e5 2. Nf3 Nf6 3. Nxe5 Nxe4 4. Qe2 d5 5. d3 Nc5 6. Nc6+ Be7 7. Nxd8 Kxd8
8. d4 Ncd7 9. Nc3 Re8 10. Qd1 Nb6 11. Bb5 Bd7 12. Bxd7 N8xd7 13. O-O Bd6 14.
Bg5+ f6 15. Bh4 g5 16. Bg3 Bf8 17. Re1 Be7 18. Nb5 f5 19. Nxc7 Kc8 20. Nxe8 f4
21. Rxe7 fxg3 22. fxg3 Kd8 23. Re1 Nc4 24. Qc1 a5 25. Qxg5+ Kc8 26. Rad1 Kb8
27. Ng7 Kc7 28. Qf4+ Kb6 29. Re6+ Kb5 30. b3 Na3 31. c4+ dxc4 32. bxc4+ Nxc4
33. Rb1+ Ka4 34. d5 Rc8 35. Rc6 Rxc6 36. dxc6 Ndb6 37. Rxb6 Ka3 38. Qxc4 a4 39.
Qb4+ Kxa2 40. Qb2# 1-0

[Event "Championnat de France Open B"]
[Site "CALVI"]
[Date "????.??.??"]
[Round "3.4"]
[White "Geronimi, Paul-Antoine"]
[Black "Paoli, Jerome"]
[Result "1-0"]
[WhiteElo "1370"]
[BlackElo "1140"]
[PlyCount "33"]
[EventDate "2005.??.??"]
[SourceDate "2005.04.17"]

1. e4 e5 2. Nf3 Nc6 3. Bc4 Bc5 4. c3 d6 5. d4 exd4 6. cxd4 Bb4+ 7. Nc3 Bg4 8.
Be3 Nf6 9. O-O O-O 10. h3 Bh5 11. Bd3 d5 12. e5 Ba5 13. exf6 Bxf3 14. Qxf3 gxf6
15. Qg3+ Kh8 16. Qh4 Kg8 17. Qxh7# 1-0

[Event "Championnat de France Open B"]
[Site "CALVI"]
[Date "????.??.??"]
[Round "3.5"]
[White "Raux, Thomas"]
[Black "Bernard, Alien"]
[Result "0-1"]
[WhiteElo "1160"]
[BlackElo "1360"]
[PlyCount "47"]
[EventDate "2005.??.??"]
[SourceDate "2005.04.17"]

1. e4 e5 2. Nc3 Nc6 3. Nf3 Nf6 4. Bb5 d6 5. O-O Bd7 6. Bc4 Be7 7. d3 O-O 8. Be3
a6 9. Re1 Ng4 10. h3 Nxe3 11. Rxe3 Nd4 12. Nxd4 exd4 13. Re1 dxc3 14. bxc3 Bf6
15. Qd2 a5 16. d4 Bg5 17. Qe2 Bf4 18. g3 Bxg3 19. fxg3 Bxh3 20. Red1 Qd7 21.
Rab1 Bg4 22. Qf2 Bxd1 23. Rxd1 b5 24. Bd5 {suite illisible} 0-1

[Event "Championnat de France Open B"]
[Site "CALVI"]
[Date "????.??.??"]
[Round "4.1"]
[White "Bole, Felix"]
[Black "Riedel-Sexer, Gauthier"]
[Result "0-1"]
[WhiteElo "1400"]
[BlackElo "1320"]
[PlyCount "44"]
[EventDate "2005.??.??"]
[SourceDate "2005.04.17"]

1. e4 c5 2. Nf3 d6 3. d4 cxd4 4. Nxd4 Nf6 5. Nc3 a6 6. Be2 e5 7. Nb3 Be7 8. O-O
O-O 9. Bh5 Nxh5 10. Qxh5 b5 11. Qf3 f5 12. exf5 Rxf5 13. Qxa8 Nd7 14. Qd5+ Kh8
15. Qe4 Nf6 16. Qd3 d5 17. Bg5 Rxg5 18. Rfe1 d4 19. Rad1 Bb7 20. g3 b4 21. Ne2
Qd5 22. Nexd4 Qg2# 0-1

[Event "Championnat de France Open B"]
[Site "CALVI"]
[Date "????.??.??"]
[Round "4.2"]
[White "Madeline, Paul"]
[Black "Zara, Ahmed"]
[Result "0-1"]
[WhiteElo "1290"]
[BlackElo "1400"]
[PlyCount "70"]
[EventDate "2005.??.??"]
[SourceDate "2005.04.17"]

1. d4 d5 2. c4 e6 3. Nc3 Nf6 4. Nf3 c5 5. Bf4 Nc6 6. Nb5 Rb8 7. Qa4 Bd7 8. Bxb8
Qxb8 9. e3 Nb4 10. Be2 a6 11. a3 Nc6 12. Nc3 Nxd4 13. Qa5 Nb3 14. Qb6 Nxa1 15.
O-O Nc2 16. Bd3 Nxa3 17. bxa3 Be7 18. a4 O-O 19. e4 Bd6 20. e5 Bxe5 21. Nxe5
Qxe5 22. Rc1 d4 23. Nb1 Bxa4 24. Qxb7 Ng4 25. g3 Nxf2 26. Kxf2 Qe3+ 27. Kg2
Qxc1 28. Qxa6 Bc2 29. Bxc2 Qxc2+ 30. Kh3 Qxb1 31. Qd6 Qf5+ 32. Kg2 h6 33. Qb6
Qc2+ 34. Kf1 Ra8 35. Qxc5 Ra1# 0-1

[Event "Championnat de France Open B"]
[Site "CALVI"]
[Date "????.??.??"]
[Round "4.3"]
[White "Caen, Theo"]
[Black "Geronimi, Paul-Antoine"]
[Result "0-1"]
[WhiteElo "1130"]
[BlackElo "1370"]
[PlyCount "52"]
[EventDate "2005.??.??"]
[SourceDate "2005.04.17"]

1. e4 e5 2. Nf3 Nc6 3. Nc3 Nf6 4. Bc4 Bc5 5. O-O O-O 6. d3 d6 7. Bg5 h6 8. Bh4
Bg4 9. h3 Bh5 10. Nd5 g5 11. Nxf6+ Qxf6 12. Bg3 Nd4 13. c3 Nxf3+ 14. gxf3 Qxf3
15. Qxf3 Bxf3 16. h4 Rad8 17. hxg5 hxg5 18. Rae1 Rfe8 19. Kh2 c6 20. Rg1 d5 21.
Bb3 f6 22. exd5 cxd5 23. Ba4 Re7 24. Bb3 Rh7+ 25. Bh4 Bxf2 26. Ref1 Rxh4# 0-1

[Event "Championnat de France Open B"]
[Site "CALVI"]
[Date "????.??.??"]
[Round "4.4"]
[White "Bernard, Alien"]
[Black "Rouffignac, Tanguy"]
[Result "1/2-1/2"]
[WhiteElo "1360"]
[BlackElo "1260"]
[PlyCount "91"]
[EventDate "2005.??.??"]
[SourceDate "2005.04.17"]

1. e4 e5 2. Nf3 Nc6 3. Nc3 Nf6 4. d3 Bb4 5. Bd2 O-O 6. Be2 d6 7. a3 Ba5 8. O-O
Bg4 9. Bg5 h6 10. Bh4 Qe7 11. Nd5 Qe6 12. Nxf6+ gxf6 13. h3 Bh5 14. Nh2 Bg6 15.
Ng4 f5 16. Nxh6+ Kg7 17. Nxf5+ Bxf5 18. exf5 Qxf5 19. Bg4 Qh7 20. g3 f5 21. Bf3
Bb6 22. Kg2 f4 23. Qd2 Ba5 24. b4 Bb6 25. Be4 Qh5 26. Qd1 Qf7 27. Qg4+ Kh8 28.
Qf3 Nd4 29. Qd1 f3+ 30. Kh2 d5 31. c3 Nc6 32. b5 Nd8 33. Bxd8 Raxd8 34. Bxf3
Qxf3 35. Qxf3 Rxf3 36. Kg2 Rxd3 37. Rac1 Bc5 38. a4 Ba3 39. Rc2 Kg7 40. Rh1 Bd6
41. h4 e4 42. h5 Rh8 43. g4 Bf4 44. Re1 Kf6 45. c4 d4 46. Rxe4 1/2-1/2

[Event "Championnat de France Open B"]
[Site "CALVI"]
[Date "????.??.??"]
[Round "4.5"]
[White "Pivard, Elsa"]
[Black "Setiti, Emmanuel"]
[Result "1/2-1/2"]
[WhiteElo "1360"]
[BlackElo "1009"]
[PlyCount "44"]
[EventDate "2005.??.??"]
[SourceDate "2005.04.17"]

1. e4 e6 2. d4 d5 3. e5 c5 4. Nf3 Qb6 5. Nc3 Nc6 6. Bb5 Nge7 7. O-O Nf5 8. Re1
Be7 9. Bg5 Bxg5 10. Nxg5 O-O 11. Qh5 h6 12. Nf3 Nfxd4 13. Nxd4 Nxd4 14. Ba4
Qxb2 15. Qh3 Nxc2 16. Bxc2 Qxc2 17. Nb5 Bd7 18. Nd6 b6 19. Qh4 f6 20. exf6 Rxf6
21. Rec1 Qe2 22. Re1 Qa6 1/2-1/2

[Event "Championnat de France Petit-Poussins"]
[Site "CALVI"]
[Date "????.??.??"]
[Round "5.1"]
[White "Bellahcene, Bilel"]
[Black "Lamard, Guillaume"]
[Result "0-1"]
[WhiteElo "1630"]
[BlackElo "1570"]
[PlyCount "106"]
[EventDate "2005.??.??"]
[SourceDate "2005.04.17"]

1. e4 c6 2. d4 d5 3. e5 c5 4. c3 Nc6 5. Nf3 Bg4 6. Bb5 e6 7. h3 Bxf3 8. Qxf3
Qb6 9. Bxc6+ Qxc6 10. Be3 cxd4 11. cxd4 Ne7 12. Nd2 Nf5 13. Rc1 Qxc1+ 14. Qd1
Qxd1+ 15. Kxd1 Nxe3+ 16. fxe3 O-O-O 17. Ke2 Bb4 18. Nf3 h6 19. a3 Be7 20. Rc1+
Kb8 21. Rc3 Rc8 22. Rb3 Rc6 23. Nd2 Rb6 24. Kd3 Rxb3+ 25. Nxb3 h5 26. e4 dxe4+
27. Kxe4 Rh6 28. Nd2 Rg6 29. Kf3 f6 30. Nc4 fxe5 31. Nxe5 Rf6+ 32. Ke4 Kc7 33.
Ke3 Bd6 34. Nf3 Rxf3+ 35. Kxf3 Kc6 36. Ke4 Bc7 37. g4 h4 38. b4 b5 39. Kd3 Kd5
40. g5 g6 41. Ke3 Bg3 42. Kd3 Bf4 43. Kc3 Bxg5 44. Kd3 Bf6 45. Ke3 Bxd4+ 46.
Kf4 Bb2 47. Kg4 Bxa3 48. Kxh4 Bxb4 49. Kg5 Be7+ 50. Kxg6 b4 51. Kf7 b3 52. Kxe7
b2 53. h4 b1=Q 0-1

[Event "Championnat de France Petit-Poussins"]
[Site "CALVI"]
[Date "????.??.??"]
[Round "5.2"]
[White "Pruvot, Louis"]
[Black "Fleurquin, Bryan"]
[Result "1-0"]
[WhiteElo "1490"]
[BlackElo "1600"]
[PlyCount "45"]
[EventDate "2005.??.??"]
[SourceDate "2005.04.17"]

1. e4 e5 2. d4 Qh4 3. Nc3 Bb4 4. Bd3 exd4 5. Nf3 dxc3 6. Nxh4 cxb2+ 7. Bd2
Bxd2+ 8. Kxd2 bxa1=Q 9. Qxa1 f6 10. e5 Nc6 11. Nf3 d6 12. exd6 cxd6 13. Bb5 Bd7
14. Nd4 Nxd4 15. Bxd7+ Kxd7 16. Qxd4 Ne7 17. Rd1 Rac8 18. Kc1 a5 19. c4 Rxc4+
20. Qxc4 Rc8 21. Qxc8+ Kxc8 22. Kd2 Kc7 23. Ke3 {suite illisible} 1-0

[Event "Championnat de France Petit-Poussins"]
[Site "CALVI"]
[Date "????.??.??"]
[Round "5.3"]
[White "Linder, Loic"]
[Black "Kohi, Armand"]
[Result "0-1"]
[WhiteElo "1280"]
[BlackElo "1530"]
[PlyCount "62"]
[EventDate "2005.??.??"]
[SourceDate "2005.04.17"]

1. e4 e6 2. d4 d5 3. e5 c5 4. c3 Nc6 5. Nf3 Qb6 6. Be3 cxd4 7. cxd4 Qxb2 8.
Nbd2 Qb6 9. Rb1 Qc7 10. Bb5 Bd7 11. O-O Be7 12. Ne1 Bd8 13. Qg4 g6 14. Bxc6
Bxc6 15. Qh3 Be7 16. Bh6 Nxh6 17. Qxh6 Bf8 18. Qf4 Bg7 19. Nef3 O-O 20. Ng5
Rae8 21. Qh4 h6 22. Ngf3 Kh7 23. Ng5+ Kg8 24. Rb3 hxg5 25. Qg4 Bh6 26. Rh3 Kg7
27. f4 gxf4 28. Qh4 Rh8 29. g3 fxg3 30. hxg3 Qe7 31. Qxe7 Rxe7 0-1

[Event "Championnat de France Petit-Poussins"]
[Site "CALVI"]
[Date "????.??.??"]
[Round "5.4"]
[White "Hermann, Charles"]
[Black "Purenne, Benoit"]
[Result "0-1"]
[WhiteElo "1230"]
[BlackElo "1460"]
[PlyCount "118"]
[EventDate "2005.??.??"]
[SourceDate "2005.04.17"]

1. e4 d5 2. exd5 e6 3. dxe6 Bxe6 4. Nf3 Nf6 5. Nc3 Bc5 6. d4 Bb4 7. Bd2 Nc6 8.
Bb5 Qd7 9. O-O a6 10. Ba4 O-O 11. Bg5 Bxc3 12. bxc3 Ne4 13. Bd2 Bg4 14. Ne5
Nxe5 15. Bxd7 Bxd1 16. dxe5 Bxc2 17. Rfe1 Nxd2 18. Re2 Rad8 19. Rxd2 Ba4 20. e6
Bxd7 21. e7 f6 22. exf8=Q+ Kxf8 23. Re1 Kf7 24. f4 Kf8 25. g4 Re8 26. Rxe8+
Kxe8 27. Re2+ Kf7 28. g5 fxg5 29. fxg5 Be6 30. c4 Bxc4 31. Rc2 b5 32. a4 Ke6
33. axb5 axb5 34. Kf2 Kf5 35. h4 Kg4 36. Ke3 Kxh4 37. Kd4 Kxg5 38. Kc5 Bd3 39.
Rg2+ Kf6 40. Rf2+ Ke7 41. Rd2 Bc4 42. Rd4 g5 43. Rg4 h6 44. Kb4 Kf6 45. Kc5 h5
46. Rg2 Kf5 47. Kc6 h4 48. Kxc7 h3 49. Rh2 Kg4 50. Kd6 Kg3 51. Rc2 h2 52. Rc3+
Kh4 53. Re3 h1=Q 54. Re8 Qd5+ 55. Ke7 Qe6+ 56. Kd8 Qd6+ 57. Kc8 b4 58. Re4+ Kh5
59. Re8 Ba6# 0-1

[Event "Championnat de France Petit-Poussins"]
[Site "CALVI"]
[Date "????.??.??"]
[Round "5.5"]
[White "Cogan, Nicolas"]
[Black "Vandrisse, Nathan"]
[Result "0-1"]
[WhiteElo "1009"]
[BlackElo "1430"]
[PlyCount "70"]
[EventDate "2005.??.??"]
[SourceDate "2005.04.17"]

1. d4 Nf6 2. e3 g6 3. Nf3 Bg7 4. Nbd2 O-O 5. Bd3 Nc6 6. O-O d6 7. b3 e5 8. dxe5
dxe5 9. Ba3 Re8 10. Be4 Bd7 11. c3 a5 12. Nc4 Nxe4 13. Qd3 Bf5 14. Qxd8 Raxd8
15. b4 axb4 16. cxb4 Nc3 17. Rac1 Ne2+ 18. Kh1 Nxc1 19. Rxc1 Bc2 20. Rxc2 Rd1+
21. Ng1 Rd3 22. Bb2 Nxb4 23. Rc3 Rxc3 24. Bxc3 Nxa2 25. Ne2 Nxc3 26. Nxc3 Ra8
27. g3 Ra1+ 28. Kg2 Rc1 29. Nxe5 Bxe5 30. Ne4 b5 31. f4 Bc3 32. Nf6+ Bxf6 33.
Kf3 b4 34. e4 b3 35. e5 b2 0-1

[Event "Championnat de France Petit-Poussins"]
[Site "CALVI"]
[Date "????.??.??"]
[Round "6.1"]
[White "Lamard, Guillaume"]
[Black "Pruvot, Louis"]
[Result "1/2-1/2"]
[WhiteElo "1570"]
[BlackElo "1490"]
[PlyCount "37"]
[EventDate "2005.??.??"]
[SourceDate "2005.04.17"]

1. d4 d5 2. c4 e6 3. Nc3 c6 4. Nf3 dxc4 5. e4 b5 6. a4 Bb4 7. Bd2 Bb7 8. axb5
Bxc3 9. bxc3 cxb5 10. Rb1 a6 11. Bxc4 Bxe4 12. Ne5 Bxb1 13. Qf3 Bf5 14. g4 bxc4
15. gxf5 Qd5 16. Qg4 Qxh1+ 17. Ke2 g6 18. fxe6 fxe6 19. Qxe6+ {suite illisible}
1/2-1/2

[Event "Championnat de France Petit-Poussins"]
[Site "CALVI"]
[Date "????.??.??"]
[Round "6.2"]
[White "Vandrisse, Nathan"]
[Black "Bellahcene, Bilel"]
[Result "0-1"]
[WhiteElo "1430"]
[BlackElo "1630"]
[PlyCount "114"]
[EventDate "2005.??.??"]
[SourceDate "2005.04.17"]

1. d4 Nf6 2. Bf4 e6 3. Nf3 c5 4. e3 Nc6 5. Be2 Be7 6. O-O O-O 7. h3 d5 8. Nbd2
Bd7 9. c3 Qb6 10. Qc2 Ne8 11. Bg5 Bxg5 12. Nxg5 f5 13. Bg4 h6 14. Ndf3 hxg5 15.
Nxg5 Qd8 16. Bxf5 Qxg5 17. Bh7+ Kh8 18. dxc5 e5 19. Rad1 Bxh3 20. g3 Bxf1 21.
Kxf1 Qxe3 22. Rxd5 Qxg3 23. Rd7 Qh3+ 24. Ke1 Qh1+ 25. Ke2 Rxf2+ 26. Kxf2 Qh2+
27. Ke1 Qxc2 28. Bxc2 b6 29. Bb3 Nf6 30. Rd2 Rd8 31. Rh2+ Nh7 32. Bc2 e4 33.
Bxe4 Re8 34. Rxh7+ Kg8 35. Rh4 bxc5 36. Kd2 Ne5 37. Bd5+ Kf8 38. Rf4+ Ke7 39.
Re4 Kd6 40. Bf7 Nf3+ 41. Ke3 Rxe4+ 42. Kxf3 Re7 43. Bb3 Ke5 44. a4 Rb7 45. Bg8
Rxb2 46. Kg4 a5 47. Kg5 Rc2 48. c4 Kd4 49. Kg6 Rxc4 50. Bxc4 Kxc4 51. Kxg7 Kb4
52. Kf6 Kxa4 53. Ke5 Kb3 54. Kd5 a4 55. Kxc5 a3 56. Kd4 a2 57. Kd3 a1=Q 0-1

[Event "Championnat de France Petit-Poussins"]
[Site "CALVI"]
[Date "????.??.??"]
[Round "6.3"]
[White "Kohi, Armand"]
[Black "Froment, Theophile"]
[Result "1-0"]
[WhiteElo "1530"]
[BlackElo "1350"]
[PlyCount "81"]
[EventDate "2005.??.??"]
[SourceDate "2005.04.17"]

1. d4 d5 2. c4 e6 3. Nc3 Nf6 4. Bg5 Nbd7 5. cxd5 exd5 6. Nxd5 h6 7. Nxf6+ Nxf6
8. Bf4 Bb4+ 9. Bd2 Bxd2+ 10. Qxd2 Ne4 11. Qe3 Qe7 12. f3 Nf6 13. Qxe7+ Kxe7 14.
e4 Re8 15. Bc4 Kf8 16. Ne2 Bd7 17. O-O Rac8 18. b4 a5 19. a3 b5 20. Bd3 a4 21.
Rac1 g5 22. e5 Nd5 23. Kf2 g4 24. Rc5 Ne7 25. Bxb5 c6 26. Bd3 Nd5 27. Be4 Re7
28. b5 Nb4 29. axb4 Re6 30. Bf5 Re7 31. Bxd7 Rxd7 32. bxc6 Re7 33. b5 gxf3 34.
gxf3 Rcc7 35. f4 Re6 36. d5 Rg6 37. f5 Rg5 38. Ng3 h5 39. h4 Rg4 40. d6 Rf4+
41. Kg2 1-0

[Event "Championnat de France Petit-Poussins"]
[Site "CALVI"]
[Date "????.??.??"]
[Round "6.4"]
[White "Purenne, Benoit"]
[Black "Ketani, Yanis"]
[Result "0-1"]
[WhiteElo "1460"]
[BlackElo "1320"]
[PlyCount "68"]
[EventDate "2005.??.??"]
[SourceDate "2005.04.17"]

1. c4 e5 2. g3 Nc6 3. Bg2 f5 4. e3 Nf6 5. Ne2 Bc5 6. O-O d6 7. b3 O-O 8. Bb2
Qe8 9. Nbc3 Qh5 10. Re1 f4 11. exf4 Bh3 12. Bxc6 bxc6 13. Nc1 Ng4 14. Ne4 Bb6
15. c5 dxc5 16. Bxe5 Qh6 17. Nd3 {Diagramme #} 17... Nxh2 18. Qe2 Bg4 19. f3
Nxf3+ 20. Kf2 Nxe5 21. Qf1 c4+ 22. Ndc5 Nd3+ 23. Kg1 Bxc5+ 24. Nxc5 Nxc5 25.
Qxc4+ Ne6 26. Re3 Kh8 27. Rae1 Rad8 28. d3 Rd4 29. Qxc6 Rd6 30. Qa4 g6 31. Qxa7
Bf5 32. a4 Bxd3 33. Rxd3 Rxd3 34. Rxe6 Rd1+ 0-1

[Event "Championnat de France Petit-Poussins"]
[Site "CALVI"]
[Date "????.??.??"]
[Round "6.5"]
[White "Leheu, Quentin"]
[Black "Bole, Oscar"]
[Result "0-1"]
[WhiteElo "1250"]
[BlackElo "1280"]
[PlyCount "46"]
[EventDate "2005.??.??"]
[SourceDate "2005.04.17"]

1. e4 e5 2. Nf3 Nf6 3. Nc3 Bc5 4. Bc4 Nc6 5. d3 d6 6. O-O Be6 7. Bg5 h6 8. Be3
Nd4 9. Bxd4 exd4 10. Nd5 c6 11. Nxf6+ Qxf6 12. Bxe6 fxe6 13. Rb1 O-O 14. Re1
Qg6 15. b4 Bb6 16. a4 a5 17. bxa5 Bxa5 18. Rf1 Rf7 19. Nxd4 Bb6 20. Nf3 Raf8
21. Nd2 Rxf2 22. Rxf2 Rxf2 23. Rxb6 Qxg2# 0-1

[Event "Championnat de France Petite-Poussine"]
[Site "CALVI"]
[Date "????.??.??"]
[Round "5.1"]
[White "Legrand, Claire"]
[Black "Bellaiche, Elise"]
[Result "1/2-1/2"]
[WhiteElo "1350"]
[BlackElo "1320"]
[PlyCount "86"]
[EventDate "2005.??.??"]
[SourceDate "2005.04.17"]

1. e4 e6 2. d4 d5 3. exd5 exd5 4. Nc3 Bb4 5. Bd2 Be6 6. Nf3 c5 7. Bb5+ Bd7 8.
Bxd7+ Qxd7 9. Qe2+ Ne7 10. dxc5 Bxc5 11. O-O d4 12. Ne4 Qe6 13. Rfe1 Na6 14.
Nxc5 Nxc5 15. Qb5+ Qc6 16. Qxc6+ bxc6 17. Bb4 Ne6 18. Nxd4 c5 19. Nxe6 fxe6 20.
Bxc5 Rc8 21. Bxe7 Kxe7 22. c3 Rhd8 23. Rad1 Rxd1 24. Rxd1 Rb8 25. b4 Rc8 26.
Rd3 Rc6 27. a4 Rc4 28. Kf1 Re4 29. Rd4 Re5 30. f4 Re3 31. Rc4 Rd3 32. Ke2 Rd7
33. Re4 Rd5 34. c4 Rf5 35. Kf3 h5 36. Re5 Rxe5 37. fxe5 Kd7 38. Ke4 Kc6 39. Kd4
a6 40. b5+ axb5 41. cxb5+ Kb6 42. Kc4 Ka5 43. Kc5 Kxa4 {
et claire accepte la nulle...} 1/2-1/2

[Event "Championnat de France Petite-Poussine"]
[Site "CALVI"]
[Date "????.??.??"]
[Round "5.3"]
[White "Mery, Rosane"]
[Black "Buffe, Camille"]
[Result "0-1"]
[WhiteElo "1110"]
[BlackElo "1150"]
[PlyCount "64"]
[EventDate "2005.??.??"]
[SourceDate "2005.04.17"]

1. e4 d6 2. d4 Nf6 3. Nc3 g6 4. Nf3 Bg7 5. g3 c6 6. Bg2 O-O 7. O-O b5 8. d5 b4
9. Ne2 Nxe4 10. Nfd4 cxd5 11. c3 a5 12. c4 Bb7 13. cxd5 Bxd5 14. Nf4 e6 15.
Nxd5 exd5 16. Re1 Bxd4 17. Qxd4 Nf6 18. Bxd5 Nxd5 19. Qxd5 Na6 20. Qxa5 Qxa5
21. Bf4 d5 22. Red1 Rad8 23. Rdc1 Rfe8 24. Bd2 Re2 25. Rc2 Qb6 26. Be3 Qb5 27.
Rxe2 Qxe2 28. Bb6 Rc8 29. Rb1 Rc2 30. Bd4 f6 31. Bxf6 Qxf2+ 32. Kh1 Qxh2# 0-1

[Event "Championnat de France Petite-Poussine"]
[Site "CALVI"]
[Date "????.??.??"]
[Round "5.4"]
[White "Bertrand, Oriane"]
[Black "Nourani, Maral"]
[Result "0-1"]
[WhiteElo "1009"]
[BlackElo "1009"]
[PlyCount "106"]
[EventDate "2005.??.??"]
[SourceDate "2005.04.17"]

1. e4 c5 2. Nf3 a6 3. Bc4 e6 4. Be2 Be7 5. O-O d6 6. Nc3 Nf6 7. Ng5 O-O 8. d3
e5 9. Be3 Nc6 10. Bf3 h6 11. h3 hxg5 12. Bxg5 Nxe4 13. Bxe4 Bxg5 14. Bxc6 bxc6
15. Ne4 Bh6 16. Qh5 d5 17. Nxc5 Qe7 18. Nb3 Qg5 19. Qxg5 Bxg5 20. Rfe1 Re8 21.
Nd4 c5 22. Nc6 Bb7 23. Nxe5 d4 24. Nc4 Rxe1+ 25. Rxe1 Rd8 26. Re5 f6 27. Rxc5
Re8 28. Na5 Bf4 29. Kf1 Bd2 30. Kg1 Re1+ 31. Kh2 Bb4 32. Rf5 Bc8 33. Rh5 g6 34.
Rd5 Be6 35. Rd8+ Kf7 36. Nc6 Bd2 37. Nxd4 Bxa2 38. c4 Bf4+ 39. g3 Be5 40. c5
Bb1 41. c6 Bc7 42. Rc8 Bb6 43. Nb3 Bxd3 44. c7 Bf5 45. Ra8 Bxc7 46. Ra7 Re7 47.
Rxa6 Kf8 48. Rxf6+ Ke8 49. Ra6 Be4 50. Nc5 Bf3 51. b4 Re2 52. Kg1 Re1+ 53. Kh2
Rh1# 0-1

[Event "Championnat de France Petite-Poussine"]
[Site "CALVI"]
[Date "????.??.??"]
[Round "6.1"]
[White "Buffe, Camille"]
[Black "Legrand, Claire"]
[Result "0-1"]
[WhiteElo "1150"]
[BlackElo "1350"]
[PlyCount "78"]
[EventDate "2005.??.??"]
[SourceDate "2005.04.17"]

1. d4 d5 2. Nf3 Nc6 3. c4 Bg4 4. e3 dxc4 5. Bxc4 Nf6 6. Nc3 e6 7. Bb5 Be7 8.
O-O O-O 9. h3 Bh5 10. Bxc6 bxc6 11. Ne5 Bxd1 12. Rxd1 Bb4 13. Bd2 Bxc3 14. Bxc3
Ne4 15. Nxc6 Qf6 16. Rf1 Nxc3 17. bxc3 e5 18. d5 e4 19. c4 Qc3 20. Rfc1 Qb2 21.
a4 Rae8 22. Rab1 Qe2 23. Nd4 Qh5 24. Rb7 Re5 25. Rxc7 Rg5 26. Rxa7 Qxh3 27. Kf1
Qh1+ 28. Ke2 Qxc1 29. Rb7 Qxc4+ 30. Kd2 Rxg2 31. Ke1 Qa2 32. Ne2 Qa1+ 33. Kd2
Qa2+ 34. Ke1 Rh2 35. Kf1 Qa1+ 36. Rb1 Qxb1+ 37. Nc1 Qxc1+ 38. Ke2 Qc2+ 39. Kf1
Qd1# 0-1

[Event "Championnat de France Petite-Poussine"]
[Site "CALVI"]
[Date "????.??.??"]
[Round "6.3"]
[White "Brunet-Malines, Pauline"]
[Black "Nourani, Maral"]
[Result "1-0"]
[WhiteElo "1009"]
[BlackElo "1009"]
[PlyCount "59"]
[EventDate "2005.??.??"]
[SourceDate "2005.04.17"]

1. e4 c5 2. Nf3 a6 3. d4 cxd4 4. c3 dxc3 5. Nxc3 d6 6. Bc4 e6 7. Bf4 b5 8. Bb3
Bb7 9. O-O b4 10. Ne2 Bxe4 11. Ned4 e5 12. Ba4+ Nd7 13. Nc6 Bxc6 14. Bxc6 exf4
15. Re1+ Be7 16. Qe2 Ngf6 17. Bxa8 O-O 18. Bb7 Re8 19. Rac1 Qb6 20. Bxa6 Nc5
21. Bc4 Qb8 22. Ng5 d5 23. Bxd5 Nxd5 24. Rxc5 h6 25. Rxd5 hxg5 26. Rd3 Qa7 27.
Rh3 Qc5 28. Qe4 Rc8 29. Qh7+ Kf8 30. Qh8# 1-0

[Event "Championnat de France Petite-Poussine"]
[Site "CALVI"]
[Date "????.??.??"]
[Round "6.4"]
[White "Desarnaud, Manon"]
[Black "Wojnowska, Natalia"]
[Result "1-0"]
[WhiteElo "1009"]
[BlackElo "1180"]
[PlyCount "89"]
[EventDate "2005.??.??"]
[SourceDate "2005.04.17"]

1. e4 d6 2. Nf3 Nc6 3. Bc4 Bg4 4. h3 Bxf3 5. Qxf3 e6 6. O-O Qd7 7. Nc3 O-O-O 8.
Bb5 Kb8 9. Re1 Nf6 10. e5 Ne8 11. Ne4 a6 12. Ba4 d5 13. Ng5 Nd4 14. Qd3 Qxa4
15. b3 Qb4 16. Nxf7 Qe7 17. Nxd8 Qxd8 18. Qxd4 Qg5 19. d3 Qe7 20. Be3 g5 21.
Qa7+ Kc8 22. Qa8+ Kd7 23. Qxb7 Bh6 24. Bb6 Qd8 25. Re3 g4 26. Rg3 gxh3 27. Rxh3
Bf8 28. Re1 Bb4 29. Ree3 Bd2 30. Ref3 Rf8 31. Rxf8 Bb4 32. Rf7+ Be7 33. Rhxh7
Ng7 34. Rhxg7 d4 35. Rxe7+ Qxe7 36. Rxe7+ Kxe7 37. Qxc7+ Kf8 38. Bc5+ Kg8 39.
b4 Kh8 40. a4 Kg8 41. b5 axb5 42. axb5 Kh8 43. b6 Kg8 44. b7 Kh8 45. b8=R# 1-0

[Event "Championnat de France Petite-Poussine"]
[Site "CALVI"]
[Date "????.??.??"]
[Round "6.5"]
[White "Bertrand, Oriane"]
[Black "Zhou, Qiyu"]
[Result "0-1"]
[WhiteElo "1009"]
[BlackElo "1310"]
[PlyCount "28"]
[EventDate "2005.??.??"]
[SourceDate "2005.04.17"]

1. e4 e5 2. Nf3 Nc6 3. Bc4 Bc5 4. O-O Nf6 5. Ng5 O-O 6. Nc3 d6 7. Nf3 Bg4 8. d3
Nd4 9. h3 Nxf3+ 10. gxf3 Bxh3 11. Re1 Nh5 12. Be3 Bxe3 13. fxe3 Qg5+ 14. Kf2
Qg2# 0-1

[Event "Championnat de France Poussins"]
[Site "CALVI"]
[Date "????.??.??"]
[Round "5.2"]
[White "Neri, Jean-Baptiste"]
[Black "Loiseau, Quentin"]
[Result "1-0"]
[WhiteElo "1560"]
[BlackElo "1660"]
[PlyCount "57"]
[EventDate "2005.??.??"]
[SourceDate "2005.04.17"]

1. e4 c5 2. Nf3 d6 3. d4 cxd4 4. Nxd4 Nf6 5. Nc3 g6 6. Bc4 Bg7 7. O-O O-O 8.
Bg5 Nc6 9. Nxc6 bxc6 10. Re1 h6 11. Be3 e6 12. Qd2 Kh7 13. Rad1 d5 14. exd5
cxd5 15. Bb3 Ba6 16. Bd4 Qc7 17. Be5 Qb7 18. Qd4 Nh5 19. Bxg7 Nxg7 20. Nxd5
exd5 21. Bxd5 Rad8 22. Bxb7 Rxd4 23. Bxa6 Ra4 24. Bd3 Rxa2 25. b3 Ne6 26. Ra1
Rb2 27. Rxa7 Nc5 28. Bc4 Na6 29. Bxa6 1-0